WW1-World War 1-Detail - Statistics

General Stats
  • This quiz has been taken 47 times
  • The average score is 9 of 20
Answer Stats
Hint Answer % Correct
Who is the German Kaiser Wilhelm II
88%
What month did the war start July
76%
What is the name of the holes in the ground that were fought in Trenches
73%
Who led the Russian Revolution for Red Army Vladimir Lenin
73%
What year did the war end 1918
71%
Who was the US president Woodrow Wilson
71%
What country was second in power after Austria Hungary
61%
What country joined in October of 1914 Ottoman Empire
61%
Who aligned themselves with Germany in 1915 Bulgaria
51%
What was the name of the alliance between France, Russia, and UK Triple Entente
49%
What country entered the war on August 27, 1916 Romania
44%
What were the set of wars that happened in the Balkans before the war started Balkan Wars
41%
What was the name of the alliance between Germany, Italy, and Austria Hungary Triple Alliance
39%
Who was the King of the UK George V
29%
What battle was the turning point for the Entente Marne
27%
What was the name of the city that the peace treaty signed between Russia and the Central powers Brest-Litovsk
20%
What was the family name of the Russian royal family Romanovs
20%
Who joined on June 29, 1917 Greece
17%
What was the name of Uprising that rose up in southern part of Ottoman Empire Arab Revolt
12%
What area did the British fail to invade of the Ottoman Empire Gallipolla
0%
No matching quizzes found
Score Distribution
Percent of People with Each Score
Percentile by Number Answered
Your Score History
You have not taken this quiz